00722nam a2200241 a 4500001001300000003000900013005001700022008004100039020000900080082001500089100002600104245004700130260005300177300000800230500003500238505001600273650001900289700002600308902000800334942000700342952011400349999001700463nice12345678IN_TiNIC20260116014744.0050524s1988 sria grp 000 0 eng  ac2500a954.6bNAZ aNazki, Mohammad Iqbal aBrokhpas of Ladakhb an Ethnographic Study aSrinagerbCenter of Centrala Asian Studiesc1988 a39p aincludes index and biblioraphy2 aBook Review aLadakh-History1 aNazki, Mohammad Iqbal bSRS cBK 001040708StackRoom-aHMIbHMId2007-04-10g25.00l0o954.6 NAZp021201r2007-04-10v25.00w2005-05-24yBK c16788d16788